[Event "AUTO-ADV-4874"]
[Site "http://www.queenalice.com/game.php?id=1859560"]
[Date "2025.7.8"]
[Round "1"]
[White "MHRangel"]
[Black "jpribeiro"]
[Result "0-1"]
[WhiteElo "1888"]
[BlackElo "1872"]

1. d4 Nf6 2. c4 e6 3. Nf3 Bb4+ 4. Bd2 Bxd2+ 5. Qxd2 d5 6. Qb4 a5 7. Qa3 dxc4 8.
e3 b5 9. Qc5 c6 10. Ne5 Qd5 11. Qxd5 exd5 12. Nc3 O-O 13. Be2 b4 14. Na4 Nbd7
15. Nxc6 Bb7 16. Ne5 Nxe5 17. dxe5 Nd7 18. f4 Bc6 19. b3 c3 20. O-O-O Rfd8 21.
Rhg1 Nf8 22. g4 Ne6 23. h4 Bxa4 24. bxa4 d4 25. f5 Nc5 26. Bc4 Nxa4 27. Rxd4
Rxd4 28. exd4 Nb6 29. Bb5 Rd8 30. e6 Nc8 31. Rd1 fxe6 32. fxe6 Kf8 33. d5 Rd6
34. Rf1+ Kg8 35. Bc4 Rd8 36. Kc2 Nd6 37. Bb3 Ra8 38. Ba4 Rf8 39. Re1 Rf2+ 40.
Kb3 Rb2# 0-1

[Event "AUTO-ADV-4874"]
[Site "http://www.queenalice.com/game.php?id=1859575"]
[Date "2025.7.8"]
[Round "1"]
[White "Zeca1955"]
[Black "MHRangel"]
[Result "1-0"]
[WhiteElo "1793"]
[BlackElo "1899"]

1. c4 g6 2. d4 Bg7 3. Nf3 Nf6 4. e3 O-O 5. Nc3 d6 6. Be2 Re8 7. Qb3 b6 8. c5 Be6
9. d5 Bf5 10. Bb5 c6 11. dxc6 Be6 12. Qa4 dxc5 13. e4 a6 14. c7 Qd6 15. Bxe8
Qxc7 16. Bxf7+ Kxf7 17. Ng5+ Kg8 18. Nxe6 Qe5 19. Nxg7 b5 20. Qc2 Kxg7 21. Bd2
Nc6 22. O-O Nd4 23. Qd3 c4 24. Qh3 b4 25. f4 Qh5 26. Qxh5 Nxh5 27. Nd5 Ne2+ 28.
Kh1 e6 29. Nc7 Rc8 30. Nxe6+ Kf6 31. f5 c3 32. bxc3 bxc3 33. Bg5+ Ke5 34. Rf3
Nf6 35. Re3 Nd4 36. Bf4# 1-0

[Event "AUTO-ADV-4874"]
[Site "http://www.queenalice.com/game.php?id=1859576"]
[Date "2025.7.8"]
[Round "1"]
[White "MHRangel"]
[Black "Zeca1955"]
[Result "0-1"]
[WhiteElo "1820"]
[BlackElo "1821"]

1. d4 d5 2. c4 e6 3. a3 Nf6 4. Bg5 Be7 5. Nf3 c6 6. e3 c5 7. dxc5 Bxc5 8. Be2
Bd6 9. O-O Nbd7 10. cxd5 Nc5 11. Bb5+ Bd7 12. Bxf6 Qxf6 13. Bxd7+ Nxd7 14. Qb3
O-O 15. Qxb7 Rfd8 16. Nc3 Rab8 17. Qxa7 Rxb2 18. Ne4 Qe7 19. Nfg5 exd5 20. Nxd6
Qxd6 21. Qd4 Rb3 22. Qh4 Nf6 23. a4 Rb4 24. Qg3 Qc6 25. a5 Qa6 26. Qc7 Rf8 27.
Qc5 Rb5 28. Qc7 h6 29. Nf3 Rc8 30. Qe7 Rxa5 31. Rxa5 Qxa5 32. Ne5 Rf8 33. Nc6
Qc3 34. Nd4 Re8 35. Qd6 Ng4 36. Qd7 Re5 37. Qd8+ Kh7 38. Qh4 Re4 39. Qg3 h5 40.
Ne2 Qd2 41. Nf4 g6 42. h3 Ne5 43. Qg5 d4 44. Nd5 Nd7 45. Qd8 dxe3 46. Qxd7 exf2+
47. Rxf2 Re1+ 48. Rf1 Qd4+ 0-1

[Event "AUTO-ADV-4874"]
[Site "http://www.queenalice.com/game.php?id=1859587"]
[Date "2025.7.8"]
[Round "1"]
[White "MHRangel"]
[Black "juim"]
[Result "1-0"]
[WhiteElo "1776"]
[BlackElo "1616"]

1. d4 d5 2. c4 dxc4 3. e4 e5 4. Bxc4 Be6 5. d5 Bd7 6. Nf3 Bd6 7. O-O Nf6 8. Qb3
b6 9. Bg5 Bg4 10. Bb5+ c6 11. dxc6 O-O 12. Nbd2 Be7 13. Qc3 a5 14. Nxe5 Bh5 15.
c7 Qc8 16. cxb8=Q Qxb8 17. Nd7 Nxd7 18. Bxe7 Re8 19. Bg5 Ne5 20. Bxe8 Qxe8 21.
Qc7 Be2 22. Rfe1 Bh5 23. Qxb6 Rb8 24. Qxa5 Rb5 25. Qc3 Nd7 26. Bf4 Rc5 27. Qh3
g6 28. g4 Bxg4 29. Qxg4 Nf6 30. Qf3 Nh5 31. b4 Rb5 32. a3 Nxf4 33. Qxf4 Rb7 34.
Nb3 Qe6 35. Nc5 Qc8 36. e5 Re7 37. Qf6 Qg4+ 38. Kh1 Re8 39. e6 fxe6 40. Nxe6
Rxe6 41. Qxe6+ 1-0

[Event "AUTO-ADV-4874"]
[Site "http://www.queenalice.com/game.php?id=1859588"]
[Date "2025.7.8"]
[Round "1"]
[White "juim"]
[Black "MHRangel"]
[Result "0-1"]
[WhiteElo "1612"]
[BlackElo "1871"]

1. e4 c5 2. Nf3 Qa5 3. Be2 Nc6 4. O-O e5 5. d3 Nf6 6. Ng5 Nd4 7. Bd2 Qb6 8. b3
Be7 9. f4 Nxe2+ 10. Qxe2 c4+ 11. Kh1 d6 12. fxe5 cxd3 13. Qxd3 O-O 14. exf6 Bxf6
15. Qg3 Bxa1 16. Qh4 h6 17. Nf3 Bf6 18. Qg3 Qa6 19. a4 Qxf1+ 20. Ng1 Qxb1 21. h3
Qxc2 22. Bb4 Be5 23. Qe3 Be6 24. Be1 Qxb3 25. Qf2 Qxa4 26. Qh4 Qd1 27. Qf2 Bd4
28. Qf1 f5 29. Qe2 Qxe2 30. Nxe2 Be5 31. Bd2 fxe4 32. Bc1 Rf1+ 33. Ng1 Rxc1 34.
h4 Bd4 0-1

[Event "Challenge"]
[Site "http://www.queenalice.com/game.php?id=1860726"]
[Date "2025.7.28"]
[Round "-"]
[White "jogo"]
[Black "MHRangel"]
[Result "1-0"]
[WhiteElo "1822"]
[BlackElo "1763"]

1. e4 c5 2. Nf3 Nc6 3. c3 a6 4. d4 cxd4 5. cxd4 Qc7 6. g3 g6 7. a3 Bg7 8. Bf4 e5
9. dxe5 Nxe5 10. Nxe5 Bxe5 11. Bxe5 Qxe5 12. Nc3 Nf6 13. f4 Qc5 14. e5 Qe3+ 15.
Qe2 Qxe2+ 16. Bxe2 O-O 17. exf6 d6 18. Nd5 Be6 19. Ne7+ Kh8 20. O-O-O h6 21.
Rxd6 b5 22. Nxg6+ fxg6 23. Rxe6 Rac8+ 24. Kd2 a5 25. Bxb5 Rfd8+ 26. Bd3 Kg8 27.
Rhe1 Kf7 28. Re7+ Kf8 29. Ra7 Rc5 30. Ree7 Rcd5 31. Re3 g5 32. fxg5 Rxg5 33. Kc2
Rc5+ 34. Kd2 Rb8 35. Bg6 Rd8+ 36. Ke2 Rb5 37. Rf7+ Kg8 38. b3 Rg5 39. Rg7+ Kh8
40. Ree7 1-0

[Event "Challenge"]
[Site "http://www.queenalice.com/game.php?id=1860727"]
[Date "2025.7.28"]
[Round "-"]
[White "MHRangel"]
[Black "jogo"]
[Result "0-1"]
[WhiteElo "1786"]
[BlackElo "1620"]

1. d4 Nf6 2. c4 e6 3. Nf3 d5 4. e3 Bb4+ 5. Bd2 Bxd2+ 6. Nbxd2 O-O 7. Be2 c6 8.
O-O Re8 9. cxd5 exd5 10. Ne5 Nbd7 11. Ndf3 Nxe5 12. Nxe5 Nd7 13. Bg4 Nxe5 14.
dxe5 Bxg4 15. Qxg4 Rxe5 16. Qd4 Re4 17. Qd3 Qb6 18. b3 Rae8 19. Rfc1 f5 20. a4
f4 21. a5 Qc7 22. a6 fxe3 23. fxe3 Rxe3 24. Qd2 Qb6 25. b4 Re2+ 0-1

[Event "AUTO-ADV-4891"]
[Site "http://www.queenalice.com/game.php?id=1862694"]
[Date "2025.9.8"]
[Round "1"]
[White "Capixabba789"]
[Black "MHRangel"]
[Result "1-0"]
[WhiteElo "1848"]
[BlackElo "1747"]

1. d4 e5 2. dxe5 Nc6 3. Bf4 Bc5 4. e3 Nge7 5. Nf3 O-O 6. Nc3 d6 7. exd6 Bxd6 8.
Bxd6 cxd6 9. Bd3 Bg4 10. Bxh7+ Kh8 11. Bd3 Nb4 12. O-O Qb6 13. Be2 Nbc6 14. Rb1
Rad8 15. a3 d5 16. Na4 Qa5 17. c3 b5 18. Nc5 Qc7 19. b4 Ng6 20. Bxb5 Bf5 21. Rc1
a5 22. Nd4 Nxd4 23. exd4 Rb8 24. Bd3 Bxd3 25. Qxd3 axb4 26. axb4 Nf4 27. Qf3 Ra8
28. Kh1 Ra2 29. g3 Ne6 30. Qg4 g6 31. Nxe6 fxe6 32. Qxe6 Qf7 33. Qxf7 Rxf7 34.
b5 Rb2 35. Rb1 Rc2 36. b6 Rb7 37. Rb3 Re2 38. h4 Re4 39. Kg2 Kg7 40. Ra1 Kh6 41.
Ra7 Ree7 42. Rxb7 Rxb7 43. f4 Kg7 44. Kf3 Kf6 45. g4 Ke6 46. Rb5 Kd6 47. f5 gxf5
48. gxf5 Kc6 49. Rb3 Rxb6 50. Rxb6+ Kxb6 51. f6 1-0

[Event "AUTO-ADV-4891"]
[Site "http://www.queenalice.com/game.php?id=1862695"]
[Date "2025.9.8"]
[Round "1"]
[White "MHRangel"]
[Black "Capixabba789"]
[Result "0-1"]
[WhiteElo "1741"]
[BlackElo "1922"]

1. d4 d5 2. c4 dxc4 3. e3 e5 4. Qa4+ Nc6 5. Bxc4 exd4 6. Nf3 Bc5 7. a3 a6 8. Qb3
dxe3 9. Bxe3 Bxe3 10. Qxe3+ Nge7 11. O-O O-O 12. Nc3 Nf5 13. Qf4 Be6 14. Bxe6
fxe6 15. Ne5 Kh8 16. Nxc6 bxc6 17. Qc4 Qf6 18. Qxc6 Qf7 19. Ne4 Qg6 20. Qxc7 Nh4
21. Ng3 Nf5 22. Qe5 Rfb8 23. Rfe1 Rxb2 24. Nxf5 Rbb8 25. Nxg7 Qxg7 26. Qxe6 Rg8
27. Ra2 Qxg2# 0-1

[Event "AUTO-ADV-4891"]
[Site "http://www.queenalice.com/game.php?id=1862712"]
[Date "2025.9.8"]
[Round "1"]
[White "MHRangel"]
[Black "rmvwoods"]
[Result "0-1"]
[WhiteElo "1759"]
[BlackElo "2029"]

1. d4 d5 2. c4 e6 3. Nc3 Nf6 4. Nf3 c6 5. e3 Nbd7 6. Be2 Bb4 7. Qb3 Be7 8. O-O
O-O 9. c5 b6 10. cxb6 axb6 11. a4 Bb7 12. Bd3 Ba6 13. Bxa6 Rxa6 14. Re1 Qc7 15.
Bd2 Rfa8 16. Qc2 b5 17. b3 bxa4 18. Nxa4 Ne4 19. Rac1 Ba3 20. Ra1 Bd6 21. Bc1 c5
22. Bb2 c4 23. bxc4 Qxc4 24. Nc3 Bb4 25. Rxa6 Rxa6 26. Rc1 Bxc3 27. Bxc3 Nxc3
28. Nd2 Ne2+ 29. Kh1 Qxc2 0-1

[Event "AUTO-ADV-4891"]
[Site "http://www.queenalice.com/game.php?id=1862713"]
[Date "2025.9.8"]
[Round "1"]
[White "rmvwoods"]
[Black "MHRangel"]
[Result "1-0"]
[WhiteElo "2034"]
[BlackElo "1754"]

1. e4 c5 2. Nf3 Nc6 3. Bb5 Qb6 4. Nc3 a6 5. Bc4 Nd4 6. b3 Qg6 7. O-O e6 8. Bb2
b5 9. Bd3 Bb7 10. Re1 Nxf3+ 11. Qxf3 e5 12. Nd5 Bd6 13. c4 Bxd5 14. exd5 Qh6 15.
Bxe5 Ne7 16. Qg3 bxc4 17. Bxc4 O-O 18. Bxd6 Nf5 19. Bf4 Nxg3 20. Bxh6 Nf5 21.
Be3 d6 22. g4 Nh4 23. Red1 Nf3+ 24. Kg2 Nh4+ 25. Kg3 Ng6 26. d4 cxd4 27. Bxd4 a5
28. Bb6 a4 29. Bc7 axb3 30. axb3 Rxa1 31. Rxa1 Ne5 32. Bxd6 Re8 33. Bxe5 Rxe5
34. Ra8+ 1-0

[Event "AUTO-ADV-4891"]
[Site "http://www.queenalice.com/game.php?id=1862714"]
[Date "2025.9.8"]
[Round "1"]
[White "MHRangel"]
[Black "Rafale2000"]
[Result "0-1"]
[WhiteElo "1749"]
[BlackElo "1944"]

1. d4 Nf6 2. c4 c5 3. e3 g6 4. Nc3 cxd4 5. exd4 Bg7 6. Nf3 O-O 7. Be2 d6 8. O-O
Nbd7 9. b4 e5 10. Be3 exd4 11. Bxd4 Re8 12. Qb3 Ne5 13. c5 Be6 14. Qc2 Nfg4 15.
cxd6 Nxf3+ 16. gxf3 Bxd4 17. Ne4 Nxf2 18. Nxf2 Bh3 19. Rad1 Qg5+ 0-1

[Event "AUTO-ADV-4891"]
[Site "http://www.queenalice.com/game.php?id=1862715"]
[Date "2025.9.8"]
[Round "1"]
[White "Rafale2000"]
[Black "MHRangel"]
[Result "1-0"]
[WhiteElo "1953"]
[BlackElo "1731"]

1. e4 c5 2. c4 Nc6 3. Nc3 e6 4. Nf3 Nd4 5. Be2 Nxf3+ 6. Bxf3 d6 7. O-O Nf6 8. d4
Be7 9. Be3 O-O 10. dxc5 dxc5 11. Qxd8 Rxd8 12. Rfd1 e5 13. Rxd8+ Bxd8 14. Rd1
Be7 15. Nd5 Nxd5 16. Rxd5 f6 17. Bxc5 Kf7 18. Bxe7 Kxe7 19. c5 Be6 20. Rd6 Bxa2
21. b4 Bc4 22. Bd1 Bb5 23. f3 Bc6 24. Bb3 Rc8 25. Kf2 b6 26. Bd5 bxc5 27. Rxc6
Rxc6 28. Bxc6 cxb4 29. Ke3 Kd6 30. Ba4 Kc5 31. Kd3 a5 32. h4 h6 33. h5 b3 34.
Kc3 b2 35. Kxb2 Kd4 36. Bd1 Ke3 37. Kc1 Kf4 38. g4 Kg5 39. Kd2 g6 40. hxg6 Kxg6
41. Kd3 Kg5 42. Ke3 h5 43. gxh5 Kxh5 44. f4+ Kh4 45. f5 Kg3 46. Ba4 Kg4 47. Kd3
Kf3 48. Bc6 Kf4 49. Kc4 a4 50. Kb4 Kg5 51. Kxa4 Kh6 52. Kb5 Kg7 53. Kc5 Kf7 54.
Kd6 Kg7 55. Ke6 Kf8 56. Kxf6 Kg8 57. Kxe5 Kf7 58. f6 Kf8 59. Ke6 Kg8 60. Ke7 1-0

[Event "AUTO-ADV-4855"]
[Site "http://www.queenalice.com/game.php?id=1863295"]
[Date "2025.9.23"]
[Round "2"]
[White "MHRangel"]
[Black "MMA34"]
[Result "0-1"]
[WhiteElo "1761"]
[BlackElo "2161"]

1. d4 Nf6 2. c4 e6 3. Nc3 c5 4. Nf3 d5 5. e3 Be7 6. cxd5 exd5 7. Bb5+ Bd7 8.
Bxd7+ Nbxd7 9. O-O O-O 10. a3 a6 11. Re1 Re8 12. e4 cxd4 13. Qxd4 Bc5 14. Qd3
dxe4 15. Nxe4 Nxe4 16. Rxe4 Nf6 17. Rxe8+ Nxe8 18. Qc4 Rc8 19. Qe2 Nf6 20. Bg5
Qb6 21. b4 Bf8 22. Qe5 Ng4 23. Qb2 h6 24. Rc1 Rxc1+ 25. Qxc1 Qxf2+ 26. Kh1 hxg5
27. Qxg5 Qf1+ 28. Ng1 Nf2# 0-1

[Event "AUTO-ADV-4855"]
[Site "http://www.queenalice.com/game.php?id=1863296"]
[Date "2025.9.23"]
[Round "2"]
[White "MMA34"]
[Black "MHRangel"]
[Result "1-0"]
[WhiteElo "2162"]
[BlackElo "1749"]

1. e4 c5 2. Nf3 a6 3. d4 cxd4 4. Nxd4 Nf6 5. Bd3 e5 6. Nf3 Bb4+ 7. c3 Bc5 8. O-O
d5 9. exd5 Qxd5 10. Re1 O-O 11. Rxe5 Qd6 12. Re1 Qb6 13. Nd4 Bxd4 14. cxd4 Be6
15. Nc3 Nc6 16. Be3 Rad8 17. Qc2 Nxd4 18. Bxd4 Qxd4 19. Rad1 Qh4 20. Re3 b5 21.
Rh3 Bxh3 22. gxh3 Qxh3 23. Bf1 Qg4+ 24. Bg2 Rxd1+ 25. Nxd1 Rc8 26. Qd2 Re8 27.
Ne3 Ne4 28. Qc2 Nf6 29. Nxg4 Nxg4 30. Bb7 1-0

[Event "Challenge"]
[Site "http://www.queenalice.com/game.php?id=1863625"]
[Date "2025.9.30"]
[Round "-"]
[White "jogo"]
[Black "MHRangel"]
[Result "0-1"]
[WhiteElo "1697"]
[BlackElo "1724"]

1. e4 c5 2. Nf3 a6 3. c3 d5 4. e5 e6 5. d4 g6 6. Bg5 Ne7 7. Bf6 Rg8 8. dxc5 Bd7
9. Ng5 h6 10. Nf3 Qc7 11. b4 Bb5 12. Bxb5+ axb5 13. h4 h5 14. Nd4 Qd7 15. Qe2
Nbc6 16. Qxb5 Nxd4 17. Qxd7+ Kxd7 18. cxd4 Nf5 19. Nc3 Nxd4 20. O-O-O Nb5 21.
Nxb5 Rxa2 22. Nc3 Rxf2 23. Rd2 Rf4 24. Rb2 Rg4 25. Na4 Bh6+ 26. Kb1 g5 27. b5
Rxa4 28. hxg5 Bxg5 29. Bxg5 Rxg5 30. Rc1 Rxe5 31. Rf2 Rf5 32. Rxf5 exf5 33. c6+
bxc6 34. bxc6+ Kc7 35. Rc2 f4 36. Kb2 h4 37. Kb3 Re4 38. Rc5 d4 39. Kc4 f3 0-1

[Event "Challenge"]
[Site "http://www.queenalice.com/game.php?id=1863626"]
[Date "2025.9.30"]
[Round "-"]
[White "MHRangel"]
[Black "jogo"]
[Result "0-1"]
[WhiteElo "1739"]
[BlackElo "1689"]

1. d4 Nf6 2. c4 e6 3. Nc3 Bb4 4. Bd2 O-O 5. Nf3 c5 6. e3 Qa5 7. a3 Bxc3 8. Bxc3
Qc7 9. Be2 Ne4 10. Bd2 cxd4 11. Nxd4 d5 12. O-O dxc4 13. Bb4 Rd8 14. Qc2 Nf6 15.
Bxc4 a6 16. Bd3 Qxc2 17. Bxc2 Nd5 18. Bd2 Nc6 19. Nxc6 bxc6 20. Ba5 Rd7 21. Ba4
Bb7 22. Rac1 Rc8 23. Rfd1 Nf6 24. Rxd7 Nxd7 25. Bb6 Nxb6 26. Bb3 Kf8 27. a4 Ke7
28. a5 Nd7 29. f3 c5 30. Bc4 Ne5 31. Be2 c4 32. f4 Nd3 33. Rc2 Be4 34. Rd2 Rb8
35. Rc2 Nxf4 36. Bxc4 Bxc2 37. exf4 Rxb2 38. Bxa6 Be4 39. Bc4 Rxg2+ 40. Kf1 Rxh2
41. a6 Rc2 42. Be2 Rc1+ 43. Kf2 Rc2 44. Ke3 f5 45. Bb5 Rb2 46. Bc4 h5 47. a7 Rb4
48. Kd4 Bd5 0-1